000 00845nam a22002537a 4500
005 20170123162314.0
010 _aB-123570
020 _c200.00
035 _aB-123570
037 _bCen Lib/Ret
040 _aDPL
_bUR
082 _a841.08
_bه ن ی
100 _aحنیف نقوی
_9113420
245 _aغالب کی چند فارسی تصنیف /
_cحنیف نقوی
246 _aGhalib ki chand farsi tasaneef /
_bby Hanef Naqvi
260 _aنیو دہلی
_bغالب انسٹیٹیوٹ
_c2005
270 _bنیو دہلی
_aاعوان غالب مارگ
_e110002
300 _a154p.
_c19cm(Hb)
650 _a ادب - اردو
_9113421
650 _aفارسی تصنیف
_9400
650 _aLiterature -- Urdu
_9113422
650 _aFarsi tasaneef
_9113423
942 _2ddc
_cUR
_h841.08
_mه ن ی
999 _c106573
_d106573